| 000 | 01094nac a22002531u 4500 | ||
|---|---|---|---|
| 010 | _a2002021282 | ||
| 020 | _a0071395946 (alk. paper) | ||
| 082 | 0 | 0 |
_a621.382 _bB3291 |
| 090 |
_c691 _d691 |
||
| 100 | _aBates, Juliet. | ||
| 245 | 1 | 0 |
_aOptimizing voice in ATM/IP mobile networks / _cJuliet Bates. |
| 260 |
_aNew York : _bMcGraw-Hill, _cc2002. |
||
| 300 |
_axx, 234 p. : _bill. ; 24 cm. |
||
| 440 | 0 | _aMcGraw-Hill telecom. | |
| 504 | _aIncludes bibliographical references (p. 225-227) and index. | ||
| 650 | 0 | _aInternet telephony. | |
| 650 | 0 | _aAsynchronous transfer mode. | |
| 650 | 0 | _aMobile communication systems. | |
| 856 | 4 | 2 |
_3Contributor biographical information _uhttp://www.loc.gov/catdir/bios/mh041/2002021282.html |
| 856 | 4 | 2 |
_3Publisher description _uhttp://www.loc.gov/catdir/description/mh022/2002021282.html |
| 856 | 4 | 2 |
_3Table of contents _uhttp://www.loc.gov/catdir/toc/mh023/2002021282.html |
| 942 |
_cBB _k621.382B3291 |
||
| 999 |
_c691 _d691 |
||